El proceso de privatización petrolera en Venezuela (Registro nro. 7502)

Detalles MARC
000 -CABECERA
Campo de control 00720nam a22002177a 4500
005 - FECHA Y HORA DE LA ULTIMA TRANSACCION
Campo de control 20130801135744.0
008 - ELEMENTOS DE LONGITUD FIJA—INFORMACION GENERAL
Campo de control 130801b ve ||||| |||| 00| 0 spa d
020 ## - ISBN
ISBN 9789807396042
041 ## - IDIOMA
Código de idioma para texto/pista de sonido o título separado Español
044 ## - PAÍS DE PUBLICACIÓN
País de publicación Venezuela
082 ## - NUMERO DE CLASIFICACION DECIMAL DEWEY
Número de clasificación 338.973
Número del ítem R696p
100 10 - ASIENTO PRINCIPAL--NOMBRE PERSONAL
Nombre personal Rodríguez-Araque, Alí
245 ## - MENCION DE TITULO
Título El proceso de privatización petrolera en Venezuela
Parte restante del título Alí Rodríguez-Araque
260 ## - PUBLICACION, DISTRIBUCION, ETC. (PIE DE IMPRENTA)
Lugar de publicación, distribución, etc. Venezuela
Nombre del editor, distribuidor, etc. Ministerio del poder popular para la energía eléctrica
Fecha de publicación, distribución, etc. 2012
300 ## - DESCRIPCION FISICA
Extensión 245 p.
Dimensiones 21 cm.
650 ## - ASIENTO SECUNDARIO DE MATERIA - TERMINO TEMATICO
Término temático o nombre geográfico como elemento de entrada Política petrolera
Subdivisión geográfica Venezuela
650 ## - ASIENTO SECUNDARIO DE MATERIA - TERMINO TEMATICO
Término temático o nombre geográfico como elemento de entrada Petróleo
Subdivisión geográfica Venezuela
650 ## - ASIENTO SECUNDARIO DE MATERIA - TERMINO TEMATICO
Término temático o nombre geográfico como elemento de entrada Privatización
Subdivisión geográfica Venezuela
650 ## - ASIENTO SECUNDARIO DE MATERIA - TERMINO TEMATICO
Término temático o nombre geográfico como elemento de entrada Industria petrolera
Subdivisión geográfica Venezuela
942 ## - ELEMENTOS ADICIONALES (KOHA)
Sistema de clasificación Dewey Decimal Classification
Tipo de ítem Impreso
Existencias
Withdrawn status Lost status Sistema de Clasificación Damaged status No para préstamo Colección Inventariado Ubicación Permanente Ubicación actual Fecha de adquisición Fuente de Valor Valor Total Checkouts Número topográfico Inventario / Código de Barras Date last seen Ejemplar Price effective from Tipo de material
    Dewey Decimal Classification     General Inventariado 2017 Bogotá Bogotá 01/08/2013 Instituto 39000.00   LB 338.973 R696p 058292 01/08/2013 Ej. 1 01/08/2013 Libro